| 000 | 00723nam a2200265Ia 4500 | ||
|---|---|---|---|
| 008 | 170203s9999 xx 000 0 und d | ||
| 020 | _a9780395899236 | ||
| 050 | _aFIc | ||
| 050 | _bC975 | ||
| 100 | _aRey, H.A. | ||
| 245 | _aCurious George's opposites / | ||
| 245 | _cillustrations by H.A. Rey. | ||
| 260 | _aBoston, Mass. : | ||
| 260 | _bHoughton Mifflin, | ||
| 260 | _c©1998 | ||
| 300 | _a1 volume (unpaged) : | ||
| 300 | _bcolor illustrations ; | ||
| 300 | _c14 cm | ||
| 650 | _aEnglish language -- Synonyms and antonyms -- | ||
| 650 | _aEnglish language -- Synonyms and antonyms -- | ||
| 650 | _aMonkeys -- | ||
| 650 | _xFiction. | ||
| 650 | _xFiction. | ||
| 650 | _xJuvenile literature. | ||
| 999 |
_c306411 _d306411 |
||